| 000 | 00707nam a2200265Ia 4500 | ||
|---|---|---|---|
| 003 | OSt | ||
| 005 | 20241211113334.0 | ||
| 008 | 241211s9999||||xx |||||||||||||| ||und|| | ||
| 040 | _cSTCPL | ||
| 041 | _aHIN | ||
| 082 |
_aH07 _bBHO-A |
||
| 100 |
_aPatel, Bholabhai _qभोलाभाई पटेल |
||
| 245 | 0 |
_aAjneya : _bEk adhyayan / _cby Bholabhai Patel _hअज्ञेय एक अध्ययन |
|
| 250 | _a2nd ed. | ||
| 260 |
_aNew Delhi : _bVani Prakashan , _c2002 . |
||
| 300 |
_a360 p. _bHB |
||
| 650 | _aHindi literature | ||
| 650 | _aHindi poetry | ||
| 650 | _aLiterary study | ||
| 942 | _cBK | ||
| 942 |
_2ddc _n0 |
||
| 942 |
_2ddc _n0 |
||
| 942 |
_2ddc _n0 |
||
| 942 |
_2ddc _n0 |
||
| 999 |
_c83950 _d83950 |
||